| 000 | 01866nam a22002417a 4500 | ||
|---|---|---|---|
| 005 | 20250425131928.0 | ||
| 008 | 250425b |||||||| |||| 00| 0 eng d | ||
| 020 | _a9789390742431 | ||
| 040 | _cAL | ||
| 041 | _aEnglish | ||
| 082 |
_223 _a808.53 _bHASW |
||
| 100 |
_aMehdi Hasan _9208817 |
||
| 245 | _aWin Every Argument: The Art of Debating Persuading and Public Speaking | ||
| 260 |
_aNew Delhi _bMacmillan _c2023 |
||
| 300 |
_axvi,317 p. _bPB _c23.5x15 cm. |
||
| 365 |
_aGNEL-90058 _b₹490.00 _c₹ _d₹490.00 _f20-03-2025 |
||
| 520 | _aMSNBC’s Mehdi Hasan isn’t one to avoid arguments. He relishes them, as the lifeblood of democracy and the only surefire way to establish the truth. Arguments help us solve problems, uncover new ideas we might not have considered, and nudge our disagreements toward mutual understanding. A good argument, made in good faith, has intrinsic value—and can also simply be fun. Arguments are everywhere—and especially given the fierce debates we’re all embroiled in today, everyone wants to win. In this riveting guide to the art of argument and rhetoric, Hasan shows you how. As a journalist, anchor, and interviewer who has clashed with politicians, generals, spy chiefs, and celebrities from across the world, Hasan reveals his tricks of the trade for the first time. Win Every Argument shows how anyone can communicate with confidence, rise above the tit for tats on social media, and triumph in a successful and productive debate in the real world. Whether you are making a presentation at work or debating current political issues with a friend, Mehdi Hasan will teach you how to sharpen your speaking skills to make the winning case. | ||
| 650 |
_aPersuasion _9208818 |
||
| 650 |
_aReasoning _9208819 |
||
| 650 |
_aDebates and Debating _9208820 |
||
| 650 |
_aPublic speaking _9208821 |
||
| 942 |
_2ddc _cBK |
||
| 999 |
_c234233 _d234233 |
||